Macromedia Director MX 2004 training from the source

Bibliographic Details
Main Author: Mennenoh, Dave (Author)
Format: Book
Published: Berkeley, CA : Macromedia Press , c2005
Subjects:

MARC

LEADER 00000cam a2200000 7i4500
001 0000002541
005 20060405093000.0
008 021118s2005
020 |a 0321223659 
090 0 0 |a QA76.575   |b .M45 2005 kit 
100 0 |a Mennenoh, Dave ,   |e author 
245 1 0 |a Macromedia Director MX 2004 training from the source   |c Dave Mennenoh 
260 2 |a Berkeley, CA :   |b Macromedia Press ,   |c c2005 
300 |a xvi, 486 p. :   |b ill. ;   |c 26 cm.   |e 1 CD-ROM (4 3/4 in.) 
504 |a Includes index 
650 0 |a Multimedia systems   |x Software 
999 |a 1000105300   |b Book   |c OPEN SHELF (30 DAYS)   |e Tembila Campus 
999 |a 1000105301   |b CD-ROM   |c Close Access   |e Gong Badak Campus